00409nmm a2200133Ia 4500008004100000020001800041041000800059100002000067245002900087264008000116300001600196650001200212856005100224251105s9999||||xx |||||||||||||||||und|| a9788468767390 aspa aWilliams, Cathy 0aUna noche... nueve meses a[Madrid, España] :bHarlequin, c[Fecha de publicación no identificada] a0 páginas aRomance uhttps://public.digitaliapublishing.com/a/94340